| 000 -LEADER |
| fixed length control field |
01617cam a2200457Ii 4500 |
| 001 - CONTROL NUMBER |
| control field |
959869118 |
| 003 - CONTROL NUMBER IDENTIFIER |
| control field |
OCoLC |
| 005 - DATE AND TIME OF LATEST TRANSACTION |
| control field |
20190805081030.0 |
| 008 - FIXED-LENGTH DATA ELEMENTS--GENERAL INFORMATION |
| fixed length control field |
161003t20172017nyu 001 0 eng d |
| 020 ## - INTERNATIONAL STANDARD BOOK NUMBER |
| International Standard Book Number |
126001066X |
| Qualifying information |
(paperback) |
| 020 ## - INTERNATIONAL STANDARD BOOK NUMBER |
| International Standard Book Number |
9781260010664 |
| Qualifying information |
(paperback) |
| 035 ## - SYSTEM CONTROL NUMBER |
| System control number |
(OCoLC)959869118 |
| Canceled/invalid control number |
(OCoLC)959650667 |
| 040 ## - CATALOGING SOURCE |
| Original cataloging agency |
YDX |
| Language of cataloging |
eng |
| Description conventions |
rda |
| Transcribing agency |
YDX |
| Modifying agency |
BTCTA |
| -- |
OCLCQ |
| -- |
BDX |
| -- |
JRZ |
| -- |
INO |
| -- |
NYP |
| 041 0# - LANGUAGE CODE |
| Language code of text/sound track or separate title |
eng |
| -- |
spa |
| 049 ## - LOCAL HOLDINGS (OCLC) |
| Holding library |
NYPP |
| 082 04 - DEWEY DECIMAL CLASSIFICATION NUMBER |
| Classification number |
468.242 BEY |
| Edition number |
23 |
| 091 ## - MICROFILM SHELF LOCATION (AM) [OBSOLETE] |
| Microfilm shelf location |
468.2421 |
| 100 1# - MAIN ENTRY--PERSONAL NAME |
| Personal name |
Bey, Vivienne, |
| Relator term |
author. |
| 245 10 - TITLE STATEMENT |
| Title |
Spanish verb drills / |
| Statement of responsibility, etc. |
by Vivienne Bey ; in collaboration with Beatrice Concheff and Jean Yates. |
| 250 ## - EDITION STATEMENT |
| Edition statement |
Fifth edition. |
| 264 #1 - PRODUCTION, PUBLICATION, DISTRIBUTION, MANUFACTURE, AND COPYRIGHT NOTICE |
| Place of production, publication, distribution, manufacture |
New York : |
| Name of producer, publisher, distributor, manufacturer |
McGraw-Hill Education, |
| Date of production, publication, distribution, manufacture, or copyright notice |
[2017] |
| 264 #4 - PRODUCTION, PUBLICATION, DISTRIBUTION, MANUFACTURE, AND COPYRIGHT NOTICE |
| Date of production, publication, distribution, manufacture, or copyright notice |
℗♭2017. |
| 300 ## - PHYSICAL DESCRIPTION |
| Extent |
214 pages ; |
| Dimensions |
28 cm. |
| 336 ## - CONTENT TYPE |
| Content type term |
text |
| Content type code |
txt |
| Source |
rdacontent. |
| 337 ## - MEDIA TYPE |
| Media type term |
unmediated |
| Media type code |
n |
| Source |
rdamedia. |
| 338 ## - CARRIER TYPE |
| Carrier type term |
volume |
| Carrier type code |
nc |
| Source |
rdacarrier. |
| 500 ## - GENERAL NOTE |
| General note |
"Perfect for beginning & intermediate learners!"--Cover. |
| 500 ## - GENERAL NOTE |
| General note |
Includes index of infinitives, English to Spanish. |
| 520 ## - SUMMARY, ETC. |
| Summary, etc. |
A Spanish verb workbook containing lessons, chapter reviews, and conjugation and vocabulary exercises with answers. |
| 546 ## - LANGUAGE NOTE |
| Language note |
Text in English and Spanish. |
| 650 #0 - SUBJECT ADDED ENTRY--TOPICAL TERM |
| Topical term or geographic name entry element |
Spanish language |
| General subdivision |
Verb. |
| 650 #0 - SUBJECT ADDED ENTRY--TOPICAL TERM |
| Topical term or geographic name entry element |
Spanish language |
| Form subdivision |
Textbooks for foreign speakers |
| General subdivision |
English. |
| 650 #0 - SUBJECT ADDED ENTRY--TOPICAL TERM |
| Topical term or geographic name entry element |
Spanish language |
| General subdivision |
Verb |
| Form subdivision |
Problems, exercises, etc. |
| 700 1# - ADDED ENTRY--PERSONAL NAME |
| Personal name |
Concheff, Beatrice Jorgensen, |
| Relator term |
author. |
| 700 1# - ADDED ENTRY--PERSONAL NAME |
| Personal name |
Yates, Jean, |
| Relator term |
author. |
| 901 ## - LOCAL DATA ELEMENT A, LDA (RLIN) |
| a |
MARS |
| 901 ## - LOCAL DATA ELEMENT A, LDA (RLIN) |
| a |
wch |
| b |
CATBL |
| 942 ## - ADDED ENTRY ELEMENTS (KOHA) |
| Source of classification or shelving scheme |
|
| Koha item type |
Books - Non Ficton |
| 945 ## - LOCAL PROCESSING INFORMATION (OCLC) |
| a |
.b211902913 |
| 946 ## - LOCAL PROCESSING INFORMATION (OCLC) |
| a |
m |